LDR 01172naa#a2200217#i#450# 001 RU\\bibl\120465 005 20260516015925.6 011 ## _a2782-5957 100 ## _a20260430b2026####ek#y0rusy0150####ca 102 ## _aRU 200 1# _aКОМБИНИРОВАННОЕ КОНЕЧНО-ЭЛЕМЕНТНОЕ МОДЕЛИРОВАНИЕ ПРОЦЕССА ВОЛНОВОГО ДЕФОРМАЦИОННОГО УПРОЧНЕНИЯ СВАРНЫХ ШВОВ _eЖурнальная статья 210 1# _aБрянск _cБрянский государственный технический университет _d2026 215 ## _a11 с. 608 ## _aЖурнальная статья _2local 675 ## _aпри помощи ударов, струйной обработкой. 621.787.6 _z 686 ## _aОбщая технология машиностроения. Обработка металлов. 345 _2bbk 700 #1 _aЖидков _gМаксим Евгеньевич 700 #1 _aЛебедев _gВалерий Александрович 700 #1 _aКиричек _gАндрей Викторович 700 #1 _aБаринов _gСергей Владимирович 856 4# _anaukaru.ru _u